• 首页
  • 本馆介绍
  • 公告通知
  • 最新文献
  • 馆藏检索
  • 电子资源
  • 读者导购
  • 参考咨询
  • 我的图书馆
  • 登录
  • 详细信息显示
  • 放入我的书架
  • 预约/预借图书
  • 作者相关作品
  • 分类相关作品
  • 丛书相关作品
  • 出版社相关作品

书目信息

  • 表格格式
  • 工作单格式
  • 卡片格式
题名:
斯威士兰史
    
 
作者: 马特塞布拉 著 ;山东大学外文系 译
分册:  
出版信息: 济南   山东人民出版社  1978
页数: 224页
开本: 20cm
丛书名:
单 册:
中图分类: K479 , K479.0
科图分类:
主题词: 历史-斯威士兰 , 南非--历史
电子资源:
ISBN:
000 00763nam0 2200277 45
001 0178002665
005 20060919110402.42
010    @dCNY0.90
091    @a11099.194
100    @a19950725d1978 em y0chiy0121 ea
101 1  @achi@ceng
102    @aCN@b370000
105    @ay z 000yy
200 10 @a斯威士兰史@Asi wei shi lan shi@f(斯)马特塞布拉著@g山东大学外文系翻译组译
210    @a济南@c山东人民出版社@d1978
215    @a224页@d20cm
300    @a内部读物
606    @a历史-斯威士兰
606 0  @a南非@x历史
607    @a斯威士兰@x历史
690    @aK479
690    @aK479.0@v3
701  0 @a马特塞布拉@Ama te sai bu la@4著
712 02 @a山东大学外文系@Ashan dong da xue wai wen xi@4译
801  0 @aCN@bNLC@c20060919
905    @f1@b1142@dK479@e9
    
    斯威士兰史/(斯)马特塞布拉著/山东大学外文系翻译组译.-济南:山东人民出版社,1978
    224页;20cm
    内部读物
    
    ISBN :CNY0.90
    
●
相关链接 在E读中查询图书 在五车中查询图书 在当当中查询图书 在豆瓣中查询图书


正题名:斯威士兰史     索取号:K479/9         预约/预借

序号 登录号 条形码 馆藏地/架位号 状态 备注
1 0001142   001924092   第二样本阅览室/ [索取号:K479/9] 在馆    
2 0422364   204223642   密集书库/ [索取号:K479/9] 在馆    
唐山师范学院图书馆 欢迎您!
大连网信软件有限公司© 版权所有